LIBRARY & INFORMATION CENTRE, KCAET, TAVANUR

ONLINE PUBLIC ACCESS CATALOGUE (OPAC)

Text book of environmental studies for undergraduate courses / (Record no. 13232)

MARC details
000 -LEADER
fixed length control field 00472cam a2200169ua 4500
041 ## - LANGUAGE CODE
Language code of text/sound track or separate title eng
082 ## - DEWEY DECIMAL CLASSIFICATION NUMBER
Classification number 628.5
Item number BHA/TE
100 ## - MAIN ENTRY--AUTHOR NAME
Personal name Bharucha, Erach .
245 ## - TITLE STATEMENT
Title Text book of environmental studies for undergraduate courses /
260 ## - PUBLICATION, DISTRIBUTION, ETC. (IMPRINT)
Place of publication Hyderabad :
Name of publisher Universities press India Pvt Ltd ,
Year of publication 2006.
300 ## - PHYSICAL DESCRIPTION
Number of Pages 274 ; .
942 ## - ADDED ENTRY ELEMENTS (KOHA)
Koha item type Books
Holdings
Withdrawn status Lost status Damaged status Home library Current library Date acquired Full call number Accession Number Koha item type
      KAUAET KAUAET 07/04/2012 628.5 21824 Books
free website counter